[Event "POL-ch blitz (Women)"]
[Site "Bydgoszcz"]
[Date "2020.12.12"]
[Round "10"]
[White "Waszkowska, Sandra"]
[Black "Rykala, Monika"]
[Result "0-1"]
[WhiteElo "1356"]
[BlackElo "1883"]
[PlyCount "76"]
[EventDate "2020.12.12"]
[EventType "swiss (blitz)"]
[EventRounds "11"]
[EventCountry "POL"]
[SourceTitle "CBM 199 Extra"]
[Source "ChessBase"]
[SourceDate "2021.01.31"]
[SourceVersion "1"]
[SourceVersionDate "2021.01.31"]
[SourceQuality "1"]

1. d4 f5 2. Nf3 Nf6 3. c3 e6 4. g3 d5 5. Bg2 Be7 6. 0-0 0-0 7. Bg5 c6 8. Nbd2 Bd7 9. Ne5 Be8 10. Ndf3 Bh5 11. Qc2 Nbd7 12. Nxd7 Nxd7 13. Bxe7 Qxe7 14. c4 Kh8 15. e3 Bxf3 16. Bxf3 dxc4 17. Qxc4 e5 18. dxe5 Nxe5 19. Qe2 Qf6 20. Bg2 Qh6 21. Rfd1 Rae8 22. Rd2 Ng4 23. h4 Nf6 24. Rad1 Ne4 25. Bxe4 Rxe4 26. Rd6 Re6 27. Rxe6 Qxe6 28. Qd3 Qxa2 29. b3 Qb2 30. Qxf5 Kg8 31. Qe6+ Kh8 32. f4 Qe2 33. Rd7 h6 34. Rf7 Rg8 35. Rxb7 Qf3 36. Rxa7 Qxg3+ 37. Kf1 Qxh4 38. Qxc6 Qh3+ 0-1